Psicomotricidad: fundamentos teóricos aplicables en la práctica
Furkejuvvon:
| Váldodahkkit: | , , , , , , , |
|---|---|
| Eará dahkkit: | |
| Materiálatiipa: | Girji |
| Giella: | espánnjágiella |
| Almmustuhtton: |
Madrid
Gymnos
1999
|
| Fáttát: | |
| Fáddágilkorat: |
Lasit fáddágilkoriid
Eai fáddágilkorat, Lasit vuosttaš fáddágilkora!
|
MARC
| LEADER | 00000nam a2200000 a 4500 | ||
|---|---|---|---|
| 001 | UCO7447 | ||
| 003 | CL-VaPUC | ||
| 008 | 001117e19990000SP |||||||||||||||||spa|d | ||
| 082 | 0 | 4 | |a 370.155 |b ESC |2 21 |
| 100 | 0 | |a Escribá Fernández-Marcote, Antonio |e author |9 451929 | |
| 700 | |a Arnáiz Sánchez, Pilar |e author |9 556491 | ||
| 700 | 0 | |a Beniro Martínez, Juan |e author |9 451931 | |
| 700 | 0 | |a Berruezo y Adelantado, Pedro P |e author |9 451932 | |
| 700 | 0 | |a Gómez Pérez, David |e author |9 451933 | |
| 700 | 0 | |a González-Herrero López, María Elena |e author |9 451934 | |
| 700 | 0 | |a Lázaro Lázaro, Alfonso |e author |9 451935 | |
| 700 | |a Lozano Martínez, Josefina |e autora |9 539223 | ||
| 700 | |a Serrano González-Tejero, José Manuel |e author |9 547001 | ||
| 245 | 1 | 0 | |a Psicomotricidad: fundamentos teóricos aplicables en la práctica |
| 300 | |a 171 p | ||
| 942 | |c BK | ||
| 945 | |d 20001117 00:00:00 |a cmena | ||
| 260 | |a Madrid |b Gymnos |c 1999 | ||
| 650 | 7 | |a EDUCACION PSICOMOTRIZ |2 CL-VaPUC |9 307559 | |
| 650 | 0 | |a Desarrollo mental |9 313003 | |
| 650 | 7 | |a PSICOMOTRICIDAD |2 CL-VaPUC |9 241072 | |
| 650 | 0 | |a Educación especial |9 307486 | |
| 650 | 0 | |a Educación básica |9 224933 | |
| 650 | 0 | |a Métodos de enseñanza |9 270413 | |
| 650 | 0 | |a Psicología del desarrollo |9 307541 | |
| 583 | |a last modification |c 20001117 00:00:00 |k Rodrigo Vera | ||
| 999 | |c 292382 |d 292380 | ||
| 952 | |0 0 |1 0 |4 0 |6 370_155000000000000_ESC_1999 |7 0 |8 A |9 343200 |a BIBEDU |b BIBEDU |d 2019-11-20 |i 3668274 |l 1 |o 370.155 ESC 1999 |p 3668274 |r 2023-08-29 |s 2023-08-23 |w 2019-11-20 |y BK |k EFI | ||